000 00534nam a2200205Ia 4500
005 20250508165942.0
008 008 250505s9999 xx 000 0 eng d
037 _aTextual
040 _aFEDL
_beng
_cFEDL
041 _aeng
_2eng
084 _a410, YUL
_qFEDL
100 _aYule George
245 0 _aStudy of language
250 _a3
260 _aCambridge
_bCambridge University Press
_c2015
300 _aviii, 235p.
546 _aGifted by Sheetal
942 _cTEXL
_h410, YUL
999 _c1398389
_d1398389